|
|
|
|
| LEADER |
00000nam a2200000Ii 4500 |
| 001 |
DIGEDUNAV0023 |
| 003 |
NyNyDIG |
| 006 |
m o d |
| 007 |
cr ||||||||||| |
| 008 |
220606s2008 sp ob 000 0 spa d |
| 035 |
|
|
|a (OCoLC)1333701722
|
| 040 |
|
|
|a DGITA
|b eng
|e rda
|e pn
|c DGITA
|
| 020 |
|
|
|z 9788431325695
|
| 050 |
1 |
4 |
|a PN4783 ebook
|
| 100 |
1 |
|
|a Suárez Carballo, Fernando,
|d 1978-
|e author.
|
| 245 |
1 |
0 |
|a Fundamentos del diseño periodístico :
|b claves para interpretar el lenguaje visual del diario /
|c Fernando Suárez Carballo.
|
| 246 |
3 |
0 |
|a Claves para interpretar el lenguaje visual del diario
|
| 264 |
|
1 |
|a Pamplona, España :
|b EUNSA, Ediciones Universidad de Navarra,
|c [2008]
|
| 300 |
|
|
|a 1 online resource.
|
| 336 |
|
|
|a text
|b txt
|2 rdacontent
|
| 337 |
|
|
|a computer
|b c
|2 rdamedia
|
| 338 |
|
|
|a online resource
|b cr
|2 rdacarrier
|
| 347 |
|
|
|a text file
|2 rdaft
|
| 347 |
|
|
|b PDF
|
| 490 |
1 |
|
|a Colección Comunicación
|
| 504 |
|
|
|a Includes bibliographical references.
|
| 588 |
0 |
|
|a Online resource; title from PDF title page (Digitalia, viewed June 6, 2022)
|
| 650 |
|
0 |
|a Newspapers
|x Language.
|
| 650 |
|
0 |
|a Journalism
|x Language.
|
| 650 |
|
0 |
|a Journalism.
|
| 650 |
|
0 |
|a Newspaper layout and typography.
|
| 655 |
|
0 |
|a Electronic books.
|
| 791 |
2 |
|
|a Digitalia (Firm),
|e distributor.
|
| 793 |
0 |
|
|g Digitalia eBook Collection:
|a Ediciones Universidad de Navarra
|
| 776 |
0 |
8 |
|i Print version:
|a Suárez Carballo, Fernando, 1978-
|t Fundamentos del diseño periodístico.
|b Primera edición.
|d Pamplona, España : EUNSA, Ediciones Universidad de Navarra, [2008]
|z 9788431325695
|
| 830 |
|
0 |
|a Colección Comunicación (Pamplona, Spain)
|
| 856 |
4 |
0 |
|3 Digitalia Hispánica
|u https://www.digitaliapublishing.com/a/51319/
|
| 910 |
|
|
|a Premium collection: 2022
|